000
00500nam a2200169Ia 4500
008
090711s9999 xx 000 0 und d
082
_b
54314
100
_a
कर्णिक मधु मंगेश
245
_a
लामणदिवा
260
_c
1983
300
_a
196
600
_a
कर्णिक मधु मंगेश
630
_a
लामणदिवा
700
_a
कर्णिक मधु मंगेश
730
_a
लामणदिवा
942
_c
BOOK
999
_c
308972
_d
308972